| 000 | 00552nam a2200205 4500 | ||
|---|---|---|---|
| 003 | SEACOMEC | ||
| 005 | 20231005064943.0 | ||
| 008 | 231004b |||||||| |||| 00| 0 eng d | ||
| 020 | _cRs. 130.00 | ||
| 040 | _aSEACOMEC | ||
| 082 |
_a620.112 _bTIM |
||
| 100 | 1 | _aTimeshenko, S.P. | |
| 245 | 1 |
_aElements of Strength of Materials _cS.P. Timeshenko and D.H. Young |
|
| 250 | _a5th Ed | ||
| 260 |
_aNew Delhi _bEast-West Press _c2005 |
||
| 650 | _aEngineering | ||
| 650 | _aEngineering Mechanics and Materials | ||
| 700 | 1 | _aYoung, D.H. | |
| 942 | _cBOOK | ||
| 999 |
_c60 _d60 |
||